| 000 | 00527nam a22001937a 4500 | ||
|---|---|---|---|
| 005 | 20180116144046.0 | ||
| 008 | 180116b xxu||||| |||| 00| 0 spa d | ||
| 041 | _aspa | ||
| 082 | _a1.0.60 H967m | ||
| 100 |
_aHurtado, Melchor Marcos _945377 |
||
| 245 | _aLa mejora en al competitividad del producto turístico | ||
| 260 | _aCosta Rica | ||
| 260 | _bFUNDES | ||
| 260 | _c1997 | ||
| 650 |
_aTURISMO COSTARRICENSE _945375 |
||
| 650 |
_aPRODUCTO TURÍSTICO _9931 |
||
| 650 |
_aDESARROLLO TURÍSTICO _95393 |
||
| 942 | _cBK | ||
| 999 |
_c10274 _d10274 |
||